[Event "Autumn Cup 2024 Round Robin D"]
[Site "Wellington Chess Club"]
[Date "2024.05.30"]
[Round "2.2"]
[White "Stoeveken, Peter"]
[Black "Saglam, Yigit"]
[Result "1-0"]
[WhiteElo "1739"]
[BlackElo "1803"]
[WhiteFideId "4304098"]
[BlackFideId "0"]
[PlyCount "0"]
[EventDate "2024.05.23"]
[SourceDate ""]

1. e4 c6 2. d4 d5 3. e5 Bf5 4. Bd3 Bxd3 5. Qxd3 c5 6. dxc5 e6 7. Be3 Na6 8. c3
Ne7 9. b4 Qc7 10. Nf3 Ng6 11. Qb5+ Qc6 12. Na3 Nc7 13. Qxc6+ bxc6 14. O-O a5
15. Nc2 Nb5 16. Bd4 a4 17. Nd2 Kd7 18. f4 Be7 19. c4 Nxd4 20. Nxd4 f6 21. cxd5
exd5 22. e6+ Kc7 23. f5 Ne5 24. h3 Rhg8 25. Kh1 a3 26. Rab1 Ra4 27. Nc2 Rb8 28.
Rb3 g6 29. g4 gxf5 30. gxf5 Rg8 31. Kh2 h5 32. Rxa3 Rxa3 33. Nxa3 Bf8 34. Nc2
Bh6 35. Nf3 Bf4+ 36. Kh1 Rg3 37. Ng1 Nd3 38. Rf3 Rxf3 39. Nxf3 Bh6 40. Kg2 Bf4
41. a4 Nb2 42. a5 Bh6 43. Kg3 Na4 44. Kh4 Nc3 45. Kxh5 Bf8 46. Kg6 Be7 47. Kf7
1-0

[Event "Autumn Cup 2024 Round Robin D"]
[Site "Wellington Chess Club"]
[Date "2024.05.30"]
[Round "2.3"]
[White "Chang, Luke"]
[Black "Aldridge, Alan L"]
[Result "1-0"]
[WhiteElo "1824"]
[BlackElo "1817"]
[WhiteFideId "4325605"]
[BlackFideId "4301528"]
[PlyCount "0"]
[EventDate "2024.05.23"]
[SourceDate ""]

1. e4 e5 2. Nf3 Nc6 3. Bb5 a6 4. Ba4 Nf6 5. O-O Be7 6. Re1 b5 7. Bb3 O-O 8. h3
d6 9. c3 Na5 10. Bc2 c5 11. d4 Qc7 12. Nbd2 cxd4 13. cxd4 Bd7 14. Nf1 Rfe8 15.
b3 Rac8 16. Ne3 Nc6 17. Bb2 Bf8 18. Rc1 Qb8 19. Nd5 Kh8 20. dxe5 Nxd5 21. exd5
Nxe5 22. Nxe5 dxe5 23. Qh5 f5 24. Bxf5 Bxf5 25. Qxf5 Rxc1 26. Rxc1 Bd6 27. Rc6
Rf8 28. Qd7 Rd8 29. Qe6 e4 30. Bd4 Bf8 31. Qf7 Rc8 32. Be5 Qa8 33. Qe6 Rd8 34.
Qf5 Qb7 35. Rh6 1-0

[Event "Autumn Cup 2024 Round Robin D"]
[Site "Wellington Chess Club"]
[Date "2024.06.07"]
[Round "3.1"]
[White "Aldridge, Alan L"]
[Black "Gunawan, Geoffrey"]
[Result "1-0"]
[WhiteElo "1817"]
[BlackElo "1724"]
[WhiteFideId "4301528"]
[BlackFideId "4311450"]
[PlyCount "0"]
[EventDate "2024.05.23"]
[SourceDate ""]

1. e4 c6 2. d4 d5 3. Nc3 dxe4 4. Nxe4 Bf5 5. Ng3 Bg6 6. Nf3 Nf6 7. Bd3 Qc7 8.
Qe2 e6 9. Bd2 Nbd7 10. O-O-O Bxd3 11. Qxd3 O-O-O 12. Kb1 h6 13. c4 Bd6 14. Rc1
Ng4 15. Ne4 Bc5 16. dxc5 Nxc5 17. Qe2 Nxe4 18. Qxe4 Nxf2 19. Qe3 Nxh1 20. Rxh1
g5 21. Bc3 Rhe8 22. Qxa7 f6 23. Ba5 Qh7+ 24. Kc1 Qd3 25. Qa8+ 1-0

[Event "Autumn Cup 2024 Round Robin D"]
[Site "Wellington Chess Club"]
[Date "2024.06.07"]
[Round "3.2"]
[White "Saglam, Yigit"]
[Black "Chang, Luke"]
[Result "1-0"]
[WhiteElo "1803"]
[BlackElo "1824"]
[WhiteFideId "0"]
[BlackFideId "4325605"]
[PlyCount "0"]
[EventDate "2024.05.23"]
[SourceDate ""]

1. c4 c6 2. Nc3 d5 3. d4 Nf6 4. cxd5 cxd5 5. Nf3 Nc6 6. e3 Bf5 7. Bd3 Bxd3 8.
Qxd3 e6 9. O-O Bd6 10. Nb5 O-O 11. Nxd6 Qxd6 12. a3 a5 13. Bd2 Rfc8 14. b4 Ne4
15. b5 Ne7 16. Rfc1 b6 17. Be1 Nf5 18. Ne5 f6 19. Nc6 Ne7 20. f3 Nxc6 21. bxc6
Ng5 22. Bg3 e5 23. dxe5 fxe5 24. f4 Ne4 25. fxe5 Qe6 26. Qb5 Nxg3 27. hxg3 Qxe5
28. Qxb6 Rab8 29. Qd4 Qxd4 30. exd4 Rb6 31. c7 Rb7 32. Rc5 Rbxc7 33. Rxd5 Rc1+
34. Rxc1 Rxc1+ 35. Kf2 a4 36. Rc5 Ra1 37. Rc3 Kf7 38. Kf3 Ke6 39. Ke4 Kd6 40.
g4 Ra2 41. g3 Re2+ 42. Re3 Rb2 43. Rc3 Re2+ 44. Kd3 Rb2 45. Kc4 Rb1 46. Re3 Rb2
47. Rf3 g6 48. g5 Ra2 49. Kb4 Kd5 50. Rf4 Rb2+ 51. Kxa4 Kc4 52. Ka5 Rb5+ 53.
Ka6 Rxg5 54. g4 Kb3 55. Kb6 Rd5 56. Kc6 Rd8 57. d5 h5 58. gxh5 gxh5 59. Rh4
Kxa3 60. Rxh5 Kb4 61. Rh4+ Ka5 62. d6 Rc8+ 63. Kd7 Rc5 64. Rh2 Rb5 65. Rc2 Kb6
66. Rc6+ Kb7 67. Rc7+ Kb8 68. Kc6 Rh5 69. Rb7+ Ka8 70. d7 Rh8 71. Kc7 Rg8 72.
Rb4 1-0

[Event "Autumn Cup 2024 Round Robin D"]
[Site "Wellington Chess Club"]
[Date "2024.06.07"]
[Round "3.3"]
[White "Sethuramalingam, Karthik"]
[Black "Stoeveken, Peter"]
[Result "0-1"]
[WhiteElo "1748"]
[BlackElo "1739"]
[WhiteFideId "4320964"]
[BlackFideId "4304098"]
[PlyCount "0"]
[EventDate "2024.05.23"]
[SourceDate ""]

1. d4 c5 2. d5 e6 3. c4 exd5 4. cxd5 d6 5. Nc3 g6 6. g3 Bg7 7. Bg2 Nf6 8. Nf3
O-O 9. O-O a6 10. a4 Re8 11. Re1 Bg4 12. h3 Bxf3 13. Bxf3 Nbd7 14. Bf4 Ne5 15.
Bg2 Nh5 16. Bd2 Qb6 17. a5 Qd8 18. Na4 Nc4 19. Qc2 Nxa5 20. Nxc5 dxc5 21. Bxa5
Qd6 22. Bc3 Re7 23. Bxg7 Kxg7 24. Rac1 Rc8 25. e4 b5 26. Qc3+ f6 27. f4 Rce8
28. Kh2 c4 29. b3 cxb3 30. Qxb3 Rc7 31. Qb2 Rec8 32. Rxc7+ Qxc7 33. e5 Qc3 34.
Qxc3 Rxc3 35. e6 Kf8 36. d6 Ng7 37. e7+ Ke8 38. Bd5 Kd7 39. Bf7 Kxd6 40. e8=Q
Nxe8 41. Bxe8 b4 42. Rb1 a5 43. h4 Kc5 44. h5 g5 45. fxg5 fxg5 46. h6 b3 47.
Bf7 Kb4 48. Bg8 a4 49. Bxh7 Rc6 50. Bg8 Rxh6+ 51. Kg2 Rf6 52. Bd5 Rd6 53. Be4
a3 54. Bh7 Kc3 55. Kf3 a2 56. Kg4 Rd5 57. Rc1+ Kb4 58. Ra1 Ka3 59. Bb1 Kb2 60.
Bxa2 bxa2 61. Rxa2+ Kxa2 62. Kf3 Kb3 63. Ke4 Ra5 0-1

[Event "Autumn Cup 2024 Round Robin D"]
[Site "Wellington Chess Club"]
[Date "2024.06.13"]
[Round "4.2"]
[White "Chang, Luke"]
[Black "Sethuramalingam, Karthik"]
[Result "1/2-1/2"]
[WhiteElo "1824"]
[BlackElo "1748"]
[WhiteFideId "4325605"]
[BlackFideId "4320964"]
[PlyCount "0"]
[EventDate "2024.05.23"]
[SourceDate ""]

1. d4 d5 2. c4 e6 3. Nc3 Bb4 4. cxd5 exd5 5. Qc2 Nf6 6. Bg5 h6 7. Bh4 c6 8. e3
g5 9. Bg3 Ne4 10. Bd3 Nxg3 11. hxg3 Nd7 12. Nf3 Nb6 13. a3 Bd6 14. Na4 Nxa4 15.
Qxa4 f5 16. b4 Qf6 17. Rc1 Bd7 18. b5 f4 19. gxf4 gxf4 20. Kd2 Rg8 21. Rhg1 Bc7
22. Ra1 Rd8 23. Rab1 Ke7 24. bxc6 Bxc6 25. Bb5 a6 26. Bxc6 fxe3+ 27. fxe3 Qxc6
28. Qxc6 bxc6 29. g4 Rb8 30. Rxb8 Bxb8 31. Kc3 Bd6 32. a4 Kd7 33. Nh4 Be7 34.
Nf5 h5 35. Rb1 Bd8 36. Rb7+ Bc7 37. Nh6 Rg6 38. Nf7 Kc8 39. gxh5 Rg7 40. Nd6+
Kd8 41. Nf5 Rg5 42. e4 Rxh5 43. Ne3 Rh3 44. exd5 Bf4 45. dxc6 Rxe3+ 46. Kc4 Re1
47. Kc5 Bc7 48. Ra7 Rc1+ 49. Kd5 a5 50. Ra8+ Ke7 51. Rc8 Bg3 52. Ra8 Bc7
1/2-1/2

[Event "Autumn Cup 2024 Round Robin D"]
[Site "Wellington Chess Club"]
[Date "2024.06.13"]
[Round "4.3"]
[White "Aldridge, Alan L"]
[Black "Saglam, Yigit"]
[Result "0-1"]
[WhiteElo "1817"]
[BlackElo "1803"]
[WhiteFideId "4301528"]
[BlackFideId "0"]
[PlyCount "0"]
[EventDate "2024.05.23"]
[SourceDate ""]

1. d4 d5 2. c4 c6 3. Nf3 Nf6 4. Nc3 Bf5 5. e3 e6 6. Bd3 Bxd3 7. Qxd3 Nbd7 8.
O-O Be7 9. b3 O-O 10. Re1 Re8 11. Bb2 Qc7 12. Rac1 Qa5 13. a3 Rad8 14. cxd5
exd5 15. b4 Qc7 16. Qf5 Nb6 17. Ne5 Bd6 18. f4 Qc8 19. Qd3 a6 20. b5 axb5 21.
Nxb5 Bxe5 22. dxe5 Ne4 23. Nd6 Nxd6 24. exd6 Nc4 25. Rxc4 dxc4 26. Qd4 f6 27.
e4 Qe6 28. e5 Rxd6 29. Qf2 Rd5 30. f5 Qe7 31. e6 Qc5 32. g4 Qxf2+ 33. Kxf2 Rd2+
34. Re2 Rxe2+ 35. Kxe2 Kf8 36. Bd4 Rd8 37. Ke3 Rd5 38. Ke4 Ke7 39. Bc3 b6 40.
g5 Rd3 41. gxf6+ gxf6 42. Bb2 Rd2 43. Bd4 c5 0-1

[Event "Autumn Cup 2024 Round Robin D"]
[Site "Wellington Chess Club"]
[Date "2024.06.20"]
[Round "5.2"]
[White "Sethuramalingam, Karthik"]
[Black "Aldridge, Alan L"]
[Result "1-0"]
[WhiteElo "1748"]
[BlackElo "1817"]
[WhiteFideId "4320964"]
[BlackFideId "4301528"]
[PlyCount "0"]
[EventDate "2024.05.23"]
[SourceDate ""]

1. d4 Nf6 2. c4 e6 3. g3 Bb4+ 4. Nd2 O-O 5. Bg2 d5 6. Qb3 c5 7. cxd5 exd5 8.
Nf3 Re8 9. a3 Bxd2+ 10. Bxd2 b6 11. dxc5 Ba6 12. O-O bxc5 13. Rfc1 Bc4 14. Rxc4
dxc4 15. Qxc4 Nbd7 16. Bc3 Qe7 17. Ng5 Rac8 18. e4 h6 19. e5 hxg5 20. exf6 Nxf6
21. Qa4 Red8 22. Re1 Qd6 23. Qxa7 Rc7 24. Qa5 Re7 25. Rc1 Ne4 26. Bxe4 Rxe4 27.
Qb5 Rb8 28. Qf1 g4 29. Rd1 Qe6 30. Ra1 Qb3 31. Qd3 Rbe8 32. Qd6 c4 33. Qd5 Qc2
34. Qg5 f6 35. Qd5+ Kh8 36. Qh5+ Kg8 37. Qd5+ R8e6 38. a4 Qd3 39. Qc5 Qd7 40.
a5 Qe8 41. Qb4 Ra6 42. Qb7 Qe6 43. Rd1 Kh7 44. Rd7 Kg6 45. Rxg7+ Kf5 46. Qb5+
Re5 47. Bxe5 fxe5 48. Rb7 Qc6 49. Qxc6 Rxc6 50. Rb4 Ra6 51. Ra4 Ke6 52. Kf1 Kd5
53. Ke2 Kc5 54. Kd2 Kb5 55. b3 cxb3 56. Rxg4 Rc6 57. Re4 b2 58. Re1 Kxa5 59.
Rb1 Rf6 60. Rxb2 Rxf2+ 61. Kc3 Rf3+ 62. Kc4 e4 63. Re2 1-0

[Event "Autumn Cup 2024 Round Robin D"]
[Site "Wellington Chess Club"]
[Date "2024.06.20"]
[Round "5.3"]
[White "Stoeveken, Peter"]
[Black "Chang, Luke"]
[Result "0-1"]
[WhiteElo "1739"]
[BlackElo "1824"]
[WhiteFideId "4304098"]
[BlackFideId "4325605"]
[PlyCount "0"]
[EventDate "2024.05.23"]
[SourceDate ""]

1. e4 c6 2. d4 d5 3. e5 Bf5 4. h4 h5 5. Nf3 e6 6. Bd3 Bxd3 7. Qxd3 Qa5+ 8. Bd2
Qa6 9. Qxa6 Nxa6 10. c3 c5 11. O-O Ne7 12. Na3 Nf5 13. Nc2 Rc8 14. Ne3 Nxe3 15.
Bxe3 Be7 16. Rac1 O-O 17. Kh2 Nb8 18. Rg1 cxd4 19. cxd4 a6 20. g4 hxg4 21. Rxg4
Rxc1 22. Bxc1 Rc8 23. Bh6 Bf8 24. Ne1 Nc6 25. a3 Ne7 26. Bd2 Nf5 27. h5 Rc4 28.
Bc3 Bxa3 29. Nf3 Be7 30. Bd2 Rc2 31. h6 g6 32. b4 Rb2 33. Kg2 Bxb4 34. Bg5 Kh7
35. Bf4 Be7 36. Bg5 Bxg5 37. Nxg5+ Kxh6 38. Kh3 Kg7 0-1

[Event "Autumn Cup 2024 Swiss"]
[Site "Wellington Chess Club"]
[Date "2024.05.23"]
[Round "1.6"]
[White "Hao, John"]
[Black "Ashe, Michael"]
[Result "0-1"]
[WhiteElo "986"]
[BlackElo "1659"]
[WhiteFideId "0"]
[BlackFideId "4310462"]
[PlyCount "0"]
[EventDate "2024.07.04"]
[SourceDate ""]

1. e4 c6 2. d4 d5 3. Nc3 dxe4 4. Nxe4 Nf6 5. Nc3 Bg4 6. f3 Bf5 7. Bd3 Bxd3 8.
Qxd3 e6 9. Bg5 Be7 10. Nge2 O-O 11. O-O-O Nd5 12. Bxe7 Qxe7 13. Nxd5 cxd5 14.
Rhg1 Nc6 15. Rde1 Rfc8 16. c3 Rab8 17. Nf4 Qf6 18. g3 Nxd4 19. Nh5 Qxf3 20.
Qxd4 Qxh5 21. h4 a6 22. Qe5 Qxe5 23. Rxe5 Rc4 24. Kd2 Rbc8 25. Rf1 d4 26. cxd4
Rxd4+ 27. Ke3 Rd6 28. Rf2 Kf8 29. Rd2 Rxd2 30. Kxd2 Ke7 31. Kd3 Rd8+ 32. Ke3
Rd5 33. Rxd5 exd5 34. Kd4 Kd6 35. b4 h5 36. a4 b5 37. a5 g6 38. Kd3 Ke5 39. Ke3
d4+ 40. Kd2 Ke4 41. Ke2 d3+ 42. Kd1 Ke3 43. Ke1 d2+ 44. Kd1 Kd3 45. g4 hxg4 46.
h5 g3 47. hxg6 g2 0-1

[Event "Autumn Cup 2024 Swiss"]
[Site "Wellington Chess Club"]
[Date "2024.05.30"]
[Round "2.1"]
[White "Coates, Alex"]
[Black "Grant, Elliot"]
[Result "1/2-1/2"]
[WhiteElo "1865"]
[BlackElo "1537"]
[WhiteFideId "4311540"]
[BlackFideId "0"]
[PlyCount "0"]
[EventDate "2024.07.04"]
[SourceDate ""]

1. d4 Nf6 2. c4 e6 3. Nc3 Bb4 4. Qc2 d5 5. cxd5 exd5 6. Bg5 Be6 7. e3 a6 8. Bd3
h6 9. Bh4 Nbd7 10. Nf3 c5 11. O-O c4 12. Bf5 Bxf5 13. Qxf5 Bxc3 14. bxc3 O-O
15. Rfb1 b5 16. a4 Qb6 17. Nd2 Qc6 18. Qc2 Rfb8 19. Bg3 Rb7 20. axb5 Rxb5 21.
Qa2 Rxb1+ 22. Rxb1 a5 23. h3 a4 24. Qa3 Ra7 25. Rb4 Nb6 26. f3 Ra5 27. Bh4 g5
28. Bg3 Rb5 29. Rxb5 Qxb5 30. Qe7 Nbd7 31. Qa3 Nb6 32. Qe7 Nbd7 1/2-1/2

[Event "Autumn Cup 2024 Swiss"]
[Site "Wellington Chess Club"]
[Date "2024.05.30"]
[Round "2.4"]
[White "Ashe, Michael"]
[Black "Ulm, Eric"]
[Result "1/2-1/2"]
[WhiteElo "1659"]
[BlackElo "1468"]
[WhiteFideId "4310462"]
[BlackFideId "4325575"]
[PlyCount "0"]
[EventDate "2024.07.04"]
[SourceDate ""]

1. d4 e6 2. c4 Bb4+ 3. Nc3 Nf6 4. f3 d6 5. e4 Nbd7 6. Bd3 e5 7. Ne2 exd4 8.
Nxd4 Bxc3+ 9. bxc3 O-O 10. O-O c5 11. Nf5 Ne5 12. Ne3 b6 13. Be2 Bb7 14. Nf5
Ne8 15. Qd2 Qf6 16. Rd1 Rd8 17. Qe1 h6 18. Qg3 Ng6 19. Bb2 Qe5 20. Qf2 Bc8 21.
Ne3 Nf6 22. Rd2 Nf4 23. Bf1 Rfe8 24. a4 N6h5 25. a5 Qg5 26. Kh1 Re6 27. axb6
axb6 28. g3 Ng6 29. Rd5 Nxg3+ 30. hxg3 Ne5 31. f4 Qh5+ 32. Kg2 Rf6 33. Qe2 Bh3+
34. Kf2 Rxf4+ 35. gxf4 Qh4+ 36. Kg1 Qg3+ 37. Bg2 Bxg2 38. Nxg2 Nf3+ 1/2-1/2

[Event "Autumn Cup 2024 Swiss"]
[Site "Wellington Chess Club"]
[Date "2024.05.30"]
[Round "2.8"]
[White "Hupert, Leo"]
[Black "Brockway, Andrew"]
[Result "0-1"]
[WhiteElo "1341"]
[BlackElo "1594"]
[WhiteFideId "0"]
[BlackFideId "4301340"]
[PlyCount "0"]
[EventDate "2024.07.04"]
[SourceDate ""]

1. e4 c6 2. c3 d5 3. e5 Bf5 4. d4 e6 5. Nf3 c5 6. Bd3 Bxd3 7. Qxd3 Nc6 8. Be3
cxd4 9. Bxd4 Nge7 10. O-O Nf5 11. Nbd2 Be7 12. g4 Nh4 13. Nxh4 Bxh4 14. Nf3 Be7
15. a3 O-O 16. h3 Rc8 17. Kg2 a6 18. Rh1 Bh4 19. Be3 Na5 20. g5 Rc4 21. Nxh4
Rxh4 22. f4 h6 23. Kg3 hxg5 24. fxg5 Re4 25. h4 Nc4 26. Bf4 Nxe5 27. Bxe5 Rxe5
28. g6 Rf5 29. h5 Qg5+ 30. Kh3 Qxh5+ 31. Kg2 Qxg6+ 32. Qg3 Rg5 33. Rh2 Rxg3+
0-1

[Event "Autumn Cup 2024 Swiss"]
[Site "Wellington Chess Club"]
[Date "2024.05.30"]
[Round "2.9"]
[White "Saglam, Azra Sena"]
[Black "Ulm, Carina"]
[Result "1-0"]
[WhiteElo "1587"]
[BlackElo "1315"]
[WhiteFideId "4320956"]
[BlackFideId "4325567"]
[PlyCount "0"]
[EventDate "2024.07.04"]
[SourceDate ""]

1. c4 e5 2. Nc3 Nf6 3. d3 c6 4. e4 h6 5. g3 d5 6. cxd5 cxd5 7. exd5 Nxd5 8. Bg2
Nxc3 9. bxc3 Nc6 10. Be3 Be7 11. Rb1 Qa5 12. Qc2 Bf6 13. Ne2 Nd4 14. Bxd4 exd4
15. Bxb7 Bxb7 16. Rxb7 dxc3 17. O-O O-O 18. Rb3 Rac8 19. Rc1 Rfe8 20. d4 Qd5
21. Rxc3 Rxc3 22. Nxc3 Bxd4 23. Nxd5 1-0

[Event "Autumn Cup 2024 Swiss"]
[Site "Wellington Chess Club"]
[Date "2024.05.30"]
[Round "2.14"]
[White "Pham, Anthony"]
[Black "Fairbrother, Rebecca"]
[Result "1-0"]
[WhiteElo "1152"]
[BlackElo "819"]
[WhiteFideId "0"]
[BlackFideId "0"]
[PlyCount "0"]
[EventDate "2024.07.04"]
[SourceDate ""]

1. e4 e5 2. Nf3 Bd6 3. Bc4 Nf6 4. Nc3 O-O 5. d3 Nc6 6. Bg5 a6 7. Nd5 Bb4+ 8. c3
b5 9. Bb3 Bc5 10. d4 exd4 11. cxd4 Bb4+ 12. Kf1 d6 13. e5 Bf5 14. exf6 g6 15.
a3 Na5 16. axb4 Nxb3 17. Qxb3 Bg4 18. Bh6 Re8 19. Ne7+ Rxe7 20. fxe7 Qxe7 21.
Qc3 Re8 22. Re1 Be6 23. d5 Qd7 24. Qg7# 1-0

[Event "Autumn Cup 2024 Swiss"]
[Site "Wellington Chess Club"]
[Date "2024.06.07"]
[Round "3.3"]
[White "Ulm, Eric"]
[Black "Coates, Alex"]
[Result "0-1"]
[WhiteElo "1468"]
[BlackElo "1865"]
[WhiteFideId "4325575"]
[BlackFideId "4311540"]
[PlyCount "0"]
[EventDate "2024.07.04"]
[SourceDate ""]

1. e4 c6 2. d4 d5 3. Nd2 dxe4 4. Nxe4 Nf6 5. Nxf6+ exf6 6. c3 Bd6 7. Bd3 O-O 8.
Ne2 Qc7 9. Qc2 h6 10. h4 Bg4 11. Be3 c5 12. dxc5 Bxc5 13. Bxc5 Qxc5 14. f3 Be6
15. a3 Qb6 16. h5 Nc6 17. Be4 Rfe8 18. Bxc6 bxc6 19. b4 Bc4 0-1

[Event "Autumn Cup 2024 Swiss"]
[Site "Wellington Chess Club"]
[Date "2024.06.07"]
[Round "3.5"]
[White "Webster, Jamie"]
[Black "Joseph, Joji Chacko"]
[Result "1-0"]
[WhiteElo "1722"]
[BlackElo "1554"]
[WhiteFideId "4315120"]
[BlackFideId "4308816"]
[PlyCount "0"]
[EventDate "2024.07.04"]
[SourceDate ""]

1. b3 e5 2. Bb2 Nc6 3. c4 Nf6 4. e3 d5 5. cxd5 Nxd5 6. a3 Bd6 7. d3 Be6 8. Nf3
Qe7 9. Be2 f5 10. b4 a6 11. Nbd2 O-O-O 12. Rc1 g5 13. Rxc6 bxc6 14. Nxe5 Bxe5
15. Bxe5 Rhf8 16. Qa4 Kb7 17. Nc4 Bd7 18. Na5+ Ka7 19. d4 Ra8 20. Nxc6+ Bxc6
21. Qxa6+ Kb8 22. Qxc6 Rxa3 23. O-O Nxb4 24. Rb1 Ra7 25. Ba6 Rg8 26. Qb5+ Ka8
27. Rxb4 Qxb4 28. Qxb4 Rxa6 29. h3 Rb8 30. Qe7 Ra7 31. Qxg5 1-0

[Event "Autumn Cup 2024 Swiss"]
[Site "Wellington Chess Club"]
[Date "2024.06.07"]
[Round "3.7"]
[White "Brockway, Andrew"]
[Black "Bohme, Alex"]
[Result "1-0"]
[WhiteElo "1594"]
[BlackElo "1301"]
[WhiteFideId "4301340"]
[BlackFideId "0"]
[PlyCount "0"]
[EventDate "2024.07.04"]
[SourceDate ""]

1. e4 c5 2. Nc3 d6 3. f4 Nc6 4. Bb5 Bd7 5. Nf3 Nf6 6. d3 g6 7. O-O Bg7 8. Qe1
a6 9. Bxc6 Bxc6 10. Kh1 Qd7 11. e5 Ng4 12. h3 Nh6 13. g4 Nxg4 14. hxg4 Qxg4 15.
Ne4 O-O-O 16. Qh4 h5 17. Kh2 dxe5 18. Qh3 exf4 19. Bxf4 f5 20. Be5 fxe4 21.
Bxg7 Rh7 22. Ng5 Qxh3+ 23. Kxh3 Bd7+ 24. Kg3 Rxg7 25. Nxe4 b6 26. Rf2 Kc7 27.
Ng5 Kc6 28. Re1 Rh8 29. Kh4 Bf5 30. Rfe2 Rd8 31. Ne6 Bxe6 32. Rxe6+ Rd6 33.
Rxe7 Rxe7 34. Rxe7 Kd5 35. Re2 c4 36. dxc4+ Kxc4 37. Kg5 b5 38. Kh4 a5 39. Rf2
a4 40. a3 Rd4+ 41. Kg3 g5 42. Rf8 h4+ 43. Kh3 Rf4 44. Rxf4+ gxf4 45. Kg4 f3 46.
Kxf3 Kd4 47. Kg4 Kc4 48. Kxh4 b4 49. axb4 Kxb4 50. Kg4 Kc5 51. Kf4 Kc4 52. Ke4
Kc5 53. Kd3 Kb4 54. Kd4 Kb5 55. c3 Kb6 56. Kc4 Ka5 57. Kc5 Ka6 58. Kb4 1-0

[Event "Autumn Cup 2024 Swiss"]
[Site "Wellington Chess Club"]
[Date "2024.06.13"]
[Round "4.1"]
[White "Coates, Alex"]
[Black "Brockway, Andrew"]
[Result "1-0"]
[WhiteElo "1865"]
[BlackElo "1594"]
[WhiteFideId "4311540"]
[BlackFideId "4301340"]
[PlyCount "0"]
[EventDate "2024.07.04"]
[SourceDate ""]

1. d4 Nf6 2. c4 e6 3. Nc3 Bb4 4. Qc2 Nc6 5. Nf3 O-O 6. e4 d6 7. a3 Bxc3+ 8.
bxc3 e5 9. d5 Nb8 10. Bg5 h6 11. Bh4 Nbd7 12. Bd3 b6 13. O-O Nc5 14. Nd2 Bd7
15. Rae1 Ba4 16. Qb1 g5 17. Bg3 Nh5 18. Be2 Nf4 19. Bxf4 gxf4 20. Bg4 Bd7 21.
Bxd7 Qxd7 22. Nb3 Qg4 23. f3 Qg5 24. Nxc5 bxc5 25. Qb7 Rfc8 26. Rb1 h5 27. Qc6
h4 28. Qd7 Kg7 29. Rb7 h3 30. Qxh3 Kf6 31. Qd7 Rg8 32. Rf2 Rab8 33. Qxc7 Rxb7
34. Qxb7 a5 35. Qc7 Kg7 36. Qxd6 Rd8 37. Qc7 Rh8 38. d6 Qh5 39. h3 Qg5 40. Kf1
Qf6 41. Rb2 Qe6 42. Qxc5 Rxh3 43. gxh3 Qxh3+ 44. Rg2+ 1-0

[Event "Autumn Cup 2024 Swiss"]
[Site "Wellington Chess Club"]
[Date "2024.06.13"]
[Round "4.3"]
[White "Lieser, Joshua"]
[Black "Webster, Jamie"]
[Result "1-0"]
[WhiteElo "1394"]
[BlackElo "1722"]
[WhiteFideId "0"]
[BlackFideId "4315120"]
[PlyCount "0"]
[EventDate "2024.07.04"]
[SourceDate ""]

1. e4 e5 2. Nf3 Nc6 3. Bc4 Nf6 4. Ng5 d5 5. exd5 Na5 6. Bb5+ c6 7. dxc6 bxc6 8.
Qf3 h6 9. Ne4 cxb5 10. Nxf6+ gxf6 11. Qxa8 Qd7 12. Nc3 Nc6 13. Nxb5 Ke7 14.
Nxa7 Nxa7 15. Qf3 Nc6 16. c3 Bb7 17. Qh5 Rg8 18. b3 Rg5 19. Qh4 Bg7 20. Rg1 Qd3
21. Qc4 Qxc4 22. bxc4 Na5 23. g3 Rg4 24. d3 f5 25. Rb1 Bf3 26. Rb5 Nc6 27. a4
e4 28. d4 Rg6 29. a5 Bxd4 30. cxd4 Nxd4 31. Ba3+ Ke8 32. Re5+ Re6 33. Rxe6+
fxe6 34. Bc5 Nb3 35. Bb6 Kd7 36. h3 h5 37. c5 Kc8 38. a6 e3 39. fxe3 Be4 40. g4
hxg4 41. hxg4 f4 42. exf4 Nd4 43. Kf2 Nc6 44. Rg3 Nb8 45. a7 Nd7 46. Rh3 Nxb6
47. cxb6 Ba8 48. Rh8+ Kb7 49. Rb8+ 1-0

[Event "Autumn Cup 2024 Swiss"]
[Site "Wellington Chess Club"]
[Date "2024.06.13"]
[Round "4.20"]
[White "Joseph, Joji Chacko"]
[Black "Dey, Kyle"]
[Result "1-0"]
[WhiteElo "1554"]
[BlackElo "1073"]
[WhiteFideId "4308816"]
[BlackFideId "0"]
[PlyCount "0"]
[EventDate "2024.07.04"]
[SourceDate ""]

1. e4 e5 2. Nf3 Nc6 3. Nc3 Nf6 4. d4 exd4 5. Nxd4 Bc5 6. Be3 d6 7. Nxc6 bxc6 8.
Bxc5 dxc5 9. Qxd8+ Kxd8 10. Bc4 Be6 11. O-O-O+ Nd7 12. Bxe6 fxe6 13. Rd3 c4 14.
Rd4 e5 15. Rxc4 c5 16. Rd1 Kc8 17. Na4 Re8 18. Nxc5 Nxc5 19. Rxc5 Re7 20. Rdd5
Re6 21. Rxe5 Rxe5 22. Rxe5 c6 23. Re7 Kd8 24. Rxg7 Ke8 25. Rg8+ Kd7 26. Rxa8
1-0

[Event "Autumn Cup 2024 Swiss"]
[Site "Wellington Chess Club"]
[Date "2024.06.20"]
[Round "5.1"]
[White "Darr, Samuel"]
[Black "Lavender, Ariel J"]
[Result "0-1"]
[WhiteElo "1675"]
[BlackElo "1544"]
[WhiteFideId "4306120"]
[BlackFideId "0"]
[PlyCount "0"]
[EventDate "2024.07.04"]
[SourceDate ""]

1. e4 c5 2. Nf3 d6 3. d4 cxd4 4. Nxd4 Nf6 5. Nc3 a6 6. Bg5 e6 7. Be2 Be7 8. O-O
O-O 9. Bf3 Qc7 10. Re1 Bd7 11. h3 Nc6 12. Nce2 Rac8 13. Rc1 Ne5 14. Ng3 h6 15.
Bf4 Nxf3+ 16. Nxf3 e5 17. Be3 Nh7 18. Qd2 f5 19. exf5 Bxf5 20. Qd5+ Kh8 21. Nh4
Bxh4 22. Nxf5 Rxf5 23. f4 Bxe1 24. Rxe1 Nf6 25. Qe6 Qd7 26. Qb3 exf4 0-1

[Event "Autumn Cup 2024 Swiss"]
[Site "Wellington Chess Club"]
[Date "2024.06.20"]
[Round "5.2"]
[White "Sova, Leo"]
[Black "Farrington, Lawrence B"]
[Result "0-1"]
[WhiteElo "1630"]
[BlackElo "1641"]
[WhiteFideId "39909204"]
[BlackFideId "4301749"]
[PlyCount "0"]
[EventDate "2024.07.04"]
[SourceDate ""]

1. e4 e6 2. d4 d5 3. exd5 exd5 4. c4 Nf6 5. Nc3 c6 6. Nf3 Bg4 7. Be2 Bd6 8. c5
Bc7 9. b4 a6 10. O-O O-O 11. Bg5 h6 12. Bh4 Nbd7 13. h3 Bxf3 14. Bxf3 Re8 15.
Qd3 g5 16. Bg3 Qb8 17. Bxc7 Qxc7 18. Rfe1 Nf8 19. a4 Ng6 20. g3 Qd7 21. Kg2 Kg7
22. Re3 Rxe3 23. fxe3 h5 24. e4 dxe4 25. Nxe4 Nxe4 26. Qxe4 Re8 27. Qd3 h4 28.
Bg4 Qe7 29. Ra2 hxg3 30. Kxg3 Qe3+ 31. Qxe3 Rxe3+ 32. Bf3 Rd3 33. b5 Nh4 34.
Rf2 axb5 35. axb5 cxb5 36. Kg4 Nxf3 37. Rxf3 Rxd4+ 38. Kxg5 Rd5+ 39. Rf5 f6+
40. Kg4 Rxf5 41. Kxf5 b4 42. Ke4 b3 43. Kd3 f5 44. Kc3 f4 45. Kxb3 f3 46. Kb4
f2 47. Kb5 f1=Q+ 48. Kb6 Qf7 49. h4 Qd7 50. h5 Kh6 51. c6 Qxc6+ 52. Ka7 Kxh5
53. Ka8 b6+ 0-1

[Event "Autumn Cup 2024 Swiss"]
[Site "Wellington Chess Club"]
[Date "2024.06.20"]
[Round "5.5"]
[White "Brockway, Andrew"]
[Black "Ulm, Eric"]
[Result "1-0"]
[WhiteElo "1594"]
[BlackElo "1468"]
[WhiteFideId "4301340"]
[BlackFideId "4325575"]
[PlyCount "0"]
[EventDate "2024.07.04"]
[SourceDate ""]

1. e4 d5 2. exd5 Nf6 3. Nf3 Bg4 4. Be2 Qxd5 5. Nc3 Qh5 6. d4 Nc6 7. h3 Be6 8.
Ne5 Qh4 9. Nxc6 Ng4 10. Bxg4 Bxg4 11. Qxg4 Qxg4 12. hxg4 bxc6 13. Bf4 O-O-O 14.
O-O-O e6 15. Ne4 Rd5 16. Rh5 g6 17. Rxd5 cxd5 18. Nc3 c6 19. Be5 Rg8 20. Rh1 h6
21. Na4 g5 22. Rh3 Rg6 23. Rf3 f5 24. gxf5 exf5 25. Rxf5 Rg8 26. Rf7 1-0

[Event "Autumn Cup 2024 Swiss"]
[Site "Wellington Chess Club"]
[Date "2024.06.20"]
[Round "5.13"]
[White "Cao, Sam"]
[Black "Pham, Anthony"]
[Result "1/2-1/2"]
[WhiteElo "1042"]
[BlackElo "1152"]
[WhiteFideId "4325591"]
[BlackFideId "0"]
[PlyCount "0"]
[EventDate "2024.07.04"]
[SourceDate ""]

1. e4 e5 2. Nf3 Nc6 3. Bc4 Nf6 4. d3 Bc5 5. Bg5 h6 6. Be3 Bxe3 7. fxe3 d6 8.
Nbd2 Bg4 9. h3 Bxf3 10. Qxf3 Nb4 11. O-O-O O-O 12. c3 Nc6 13. d4 Na5 14. Be2
Qd7 15. dxe5 dxe5 16. Nc4 Qa4 17. Nxa5 Qxa5 18. a3 Qa4 19. Bd3 Rad8 20. Bc2 Qc4
21. Rxd8 Rxd8 22. Rd1 Rxd1+ 23. Kxd1 Qb5 24. b4 Qc4 25. Kd2 Qa2 26. a4 b5 27.
Qf5 Qe6 28. Qxe6 fxe6 29. Kd3 Kf7 30. c4 1/2-1/2